000 00795nam a22002057a 4500
003 OSt
005 20260127160134.0
008 230605b ||||| |||| 00| 0 eng d
040 _cSSBUL
082 _223
_a294.3443
100 0 _aသုဝရ(မၢဝ်းၶမ်း)၊
_cၸဝ်ႈသြႃႃႇ။
_925180
245 1 0 _aႁႂ်ႈပဵၼ်ၵူၼ်းမေႃႁၢၼ်ႉၸႂ် /
_cၸဝ်ႈသြႃႇသုဝရ(မၢဝ်းၶမ်း)။
260 _aဝဵင်းလိူဝ်ႇ၊
_bဢွင်ႇသပေႇ၊
_c2018 ။
300 _a108 ၼႃႈ၊
_c17 ၸိၼ်ႇတီႇ။
500 _aS-SAT: Dr. Prof Sai Aung Tun
650 _aတြႃးၽြႃးပဵၼ်ၸဝ်ႈ
942 _cBK
942 _2ddc
942 _2ddc
999 _c25216
_d25216